| 000 | 01089nam a22002777a 4500 | ||
|---|---|---|---|
| 999 |
_c10883 _d10883 |
||
| 003 | AR-CdUCM | ||
| 008 | 190402b ||||| |||| 00| 0 spa d | ||
| 040 |
_aMUNICIPALIDAD PROVINCIAL DEL CUSCO _cBIBLIOTECA MUNICIPAL DEL CUSCO |
||
| 082 |
_aEP / 372.036 / _bN29 |
||
| 110 |
_aMinisterio de educación _97870 |
||
| 245 |
_aDescubrir 5 : _bEnciclopedia escolar : _bQuinto grado de educación primaria / |
||
| 260 |
_aLima : _bEditorial Navarrete. |
||
| 300 |
_a512 páginas ; _bIlustraciones, fotografías, _c22 cm. |
||
| 505 | _aContenido: Enciclopedia escolar. | ||
| 650 |
_aTexto escolar _92070 |
||
| 650 |
_aEnciclopedia ilustrada _918263 |
||
| 650 |
_aMinisterio de educación _96664 |
||
| 700 |
_aCruz, Eduardo de la (lenguaje) _927933 |
||
| 700 |
_aIllatopa, Alfredo (matemática) _927934 |
||
| 700 |
_aPezo de la cuba, José (ciencias naturales) _927935 |
||
| 700 |
_aLecaros, Fernando (historia de Perú) _927936 |
||
| 700 |
_aCajahuaringa, Claudio (geografía) _927937 |
||
| 700 |
_aObregon C., Luis A. (educación cívica) _927938 |
||
| 942 |
_2ddc _cLIBROS |
||
| 945 | _adavv | ||